000
00316nam a22001337a 4500
003
OSt
005
20160727222421.0
008
160628b xxu||||| |||| 00| 0 eng d
040
_c
TEST
100
_9
1284
_a
Science and Invention
245
_a
Science and Invention
300
_a
Science and Invention
942
_2
ddc
_c
BK
999
_c
1051
_d
1051